Complete the Card - AEW Revolution 2022 - Statistics

General Stats
  • This quiz has been taken 71 times
  • The average score is 27 of 40
Answer Stats
Hint Answer % Correct
AEW World Championship Match "Hangman" Adam Page
94%
AEW World Tag Team Championship Three-Way Match Matt Jackson
92%
Dog Collar Match MJF
92%
AEW World Tag Team Championship Three-Way Match Nick Jackson
92%
Dog Collar Match CM Punk
91%
AEW Women's World Championship Match Dr. Britt Baker, D.M.D.
87%
AEW TBS Championship Match Jade Cargill
87%
Singles Mаtch Jon Moxley
85%
Singles Match Chris Jericho
83%
Six-Man Tag Team Match (Buy-In) Brody King
79%
Six-Man Tornado Tag Team Match Darby Allin
79%
AEW World Tag Team Championship Three-Way Match Jungle Boy
79%
AEW World Championship Match Adam Cole
77%
Six-Man Tag Team Match (Buy-In) Buddy Matthews
77%
Six-Man Tornado Tag Team Match Isiah Kassidy
77%
AEW World Tag Team Championship Three-Way Match Luchasaurus
77%
Six-Man Tag Team Match (Buy-In) Malakai Black
77%
Singles Mаtch Bryan Danielson
75%
Six-Man Tornado Tag Team Match Matt Hardy
75%
Face of the Revolution Ladder Match Orange Cassidy
75%
Six-Man Tornado Tag Team Match Sting
75%
Singles Match Eddie Kingston
74%
AEW Women's World Championship Match Thunder Rosa
72%
Face of the Revolution Ladder Match Wardlow
72%
Face of the Revolution Ladder Match Keith Lee
70%
Six-Man Tornado Tag Team Match Sammy Guevara
70%
Face of the Revolution Ladder Match Christian Cage
68%
Six-Man Tag Team Match (Buy-In) Pac
66%
Face of the Revolution Ladder Match Powerhouse Hobbs
64%
Face of the Revolution Ladder Match Ricky Starks
60%
Singles Mаtch (Buy-In) Hook
53%
Singles Match (Buy-In) Kris Statlander
45%
AEW TBS Championship Match Tay Conti
45%
Six-Man Tornado Tag Team Match Andrade El Ídolo
43%
Six-Man Tag Team Match (Buy-In) Erick Redbeard
40%
AEW World Tag Team Championship Three-Way Match Kyle O'Reilly
40%
AEW World Tag Team Championship Three-Way Match Bobby Fish
38%
Six-Man Tag Team Match (Buy-In) Penta Oscuro
30%
Singles Match (Buy-In) "Legit" Leyla Hirsch
25%
Singles Mаtch (Buy-In) Q. T. Marshall
25%
No matching quizzes found
Score Distribution
Percent of People with Each Score
Percentile by Number Answered
Your Score History
You have not taken this quiz